[Event "Steyr Landesliga 1920"]
[Site "Austria"]
[Date "2019.11.23"]
[Round "5.4"]
[White "Kormann, Werner"]
[Black "Preck, Helmut"]
[Result "1/2-1/2"]
[WhiteElo "2167"]
[BlackElo "1969"]
[PlyCount "86"]
[EventDate "2019.09.28"]
[EventType "team-tourn"]
[EventRounds "11"]
[EventCountry "AUT"]
[SourceTitle "CBM 193 Extra"]
[Source "ChessBase"]
[SourceDate "2020.01.31"]
[SourceVersion "1"]
[SourceVersionDate "2020.01.31"]
[SourceQuality "1"]
[WhiteTeam "Trofaiach Niklasdorf"]
[BlackTeam "Graz Austria"]
[WhiteTeamCountry "AUT"]
[BlackTeamCountry "AUT"]

1. c4 e6 2. g3 d5 3. Bg2 Nf6 4. Nf3 Bd6 5. d4 c6 6. 0-0 0-0 7. Qc2 Nbd7 8. Nbd2 Re8 9. e4 dxe4 10. Nxe4 Nxe4 11. Qxe4 e5 12. Qc2 exd4 13. Nxd4 Qf6 14. Nb3 Nc5 15. Nxc5 Bxc5 16. Bf4 Bf5 17. Qb3 Re7 18. Rae1 Rae8 19. Rxe7 Rxe7 20. Qf3 Qe6 21. Qc3 Qd7 22. b4 Bd4 23. Qd2 c5 24. bxc5 Bxc5 25. Qxd7 Rxd7 26. Re1 Kf8 27. Bd5 f6 28. Kg2 Bg6 29. Kf3 Bf7 30. Rc1 g5 31. Bb8 Bxd5+ 32. cxd5 b6 33. d6 Bxd6 34. Bxd6+ Rxd6 35. Rc7 Rd3+ 36. Kg4 Ra3 37. Kf5 Rxa2 38. f4 gxf4 39. Kxf6 Re2 40. Rxh7 Kg8 41. Rg7+ Kh8 42. Rxa7 fxg3 43. hxg3 Re8 1/2-1/2

[Event "Steyr Landesliga 1516"]
[Site "Austria"]
[Date "2015.10.24"]
[Round "3.4"]
[White "Kormann, Werner"]
[Black "Gampersberger, Herbert"]
[Result "1/2-1/2"]
[WhiteElo "2174"]
[BlackElo "1999"]
[PlyCount "88"]
[EventDate "2015.09.26"]
[EventType "team-tourn"]
[EventRounds "11"]
[EventCountry "AUT"]
[SourceTitle "EXT 2017"]
[Source "ChessBase"]
[SourceDate "2016.10.25"]
[SourceVersion "1"]
[SourceVersionDate "2016.10.25"]
[SourceQuality "1"]
[WhiteTeam "Trofaiach Niklasdorf"]
[BlackTeam "Spg ISR"]
[WhiteTeamCountry "AUT"]
[BlackTeamCountry "AUT"]

1. c4 e5 2. Nc3 Nf6 3. Nf3 Nc6 4. d4 exd4 5. Nxd4 Ne5 6. Bg5 Bb4 7. Qb3 Bxc3+ 8. Qxc3 d6 9. f4 Ng6 10. g3 h6 11. Bxf6 Qxf6 12. Bg2 a6 13. 0-0 0-0 14. e4 Re8 15. Rae1 Rb8 16. Kh1 Bd7 17. e5 dxe5 18. fxe5 Qe7 19. e6 Bxe6 20. Nxe6 fxe6 21. Rxe6 Qg5 22. Rxe8+ Rxe8 23. Bxb7 Re3 24. Qb4 Qe5 25. Bd5+ Kh7 26. Qb8 Ne7 27. Bg2 Re2 28. Qb3 h5 29. Qd3+ Kh6 30. c5 Qxb2 31. Qxa6+ Ng6 32. Qc6 Qe5 33. a4 Re1 34. Qb5 Rxf1+ 35. Bxf1 Qd5+ 36. Bg2 Qd1+ 37. Qf1 Qxa4 38. h3 Qd4 39. Qc1+ Kh7 40. Qc2 Kh6 41. h4 Ne5 42. Qc1+ Kh7 43. c6 Qf2 44. Qg1 Qe2 1/2-1/2

[Event "Steyr Landesliga 1415"]
[Site "Austria"]
[Date "2015.03.21"]
[Round "9.5"]
[White "Aschenbrenner, Robert"]
[Black "Kormann, Werner"]
[Result "1/2-1/2"]
[WhiteElo "2235"]
[BlackElo "2171"]
[PlyCount "69"]
[EventDate "2014.09.27"]
[EventType "team-tourn"]
[EventRounds "11"]
[EventCountry "AUT"]
[SourceTitle "EXT 2016"]
[Source "ChessBase"]
[SourceDate "2015.10.08"]
[SourceVersion "1"]
[SourceVersionDate "2015.10.08"]
[SourceQuality "1"]
[WhiteTeam "Graz Austria"]
[BlackTeam "Trofaiach Niklasdorf"]
[WhiteTeamCountry "AUT"]
[BlackTeamCountry "AUT"]

1. d4 d5 2. Nf3 Nf6 3. c4 c6 4. e3 e6 5. Nbd2 Nbd7 6. b3 Bd6 7. Bb2 0-0 8. Bd3 Re8 9. Ne5 Nf8 10. 0-0 Ng6 11. f4 c5 12. g4 cxd4 13. exd4 dxc4 14. bxc4 Qb6 15. Nb3 Nxe5 16. fxe5 Bxe5 17. c5 Bxh2+ 18. Kxh2 Qc7+ 19. Kh3 e5 20. Bf5 h5 21. dxe5 hxg4+ 22. Kg2 Qc6+ 23. Kg1 Nd5 24. Qe2 Qh6 25. Bc1 Qh5 26. Bxc8 Raxc8 27. Bb2 Re6 28. Rae1 b6 29. Qg2 Nb4 30. Re4 Nd3 31. Rxg4 Nxb2 32. Rxg7+ Kh8 33. Rg5 Qxg5 34. Qxg5 Rg8 35. Rf5 1/2-1/2

[Event "Steyr Landesliga 1415"]
[Site "Austria"]
[Date "2014.11.22"]
[Round "5.5"]
[White "Boehm, Thomas"]
[Black "Kormann, Werner"]
[Result "1/2-1/2"]
[WhiteElo "2056"]
[BlackElo "2171"]
[PlyCount "41"]
[EventDate "2014.09.27"]
[EventType "team-tourn"]
[EventRounds "11"]
[EventCountry "AUT"]
[SourceTitle "EXT 2016"]
[Source "ChessBase"]
[SourceDate "2015.10.08"]
[SourceVersion "1"]
[SourceVersionDate "2015.10.08"]
[SourceQuality "1"]
[WhiteTeam "Graz Schachamazonen"]
[BlackTeam "Trofaiach Niklasdorf"]
[WhiteTeamCountry "AUT"]
[BlackTeamCountry "AUT"]

1. c4 c6 2. g3 d5 3. Nf3 Nf6 4. Bg2 dxc4 5. a4 Nbd7 6. Na3 e5 7. Nxc4 e4 8. Ng5 Nc5 9. d4 Ne6 10. 0-0 Be7 11. Nxe4 Nxe4 12. Bxe4 Qxd4 13. Qc2 Nc5 14. Bf3 Be6 15. Na5 0-0 16. Be3 Qb4 17. Bd2 Qb6 18. b4 Na6 19. b5 Nb4 20. Bxb4 Bxb4 21. Nc4 1/2-1/2

[Event "Steyr Landesliga 1415"]
[Site "Austria"]
[Date "2014.11.08"]
[Round "4.5"]
[White "Kormann, Werner"]
[Black "Almer, Gerald"]
[Result "1-0"]
[WhiteElo "2171"]
[BlackElo "2080"]
[PlyCount "104"]
[EventDate "2014.09.27"]
[EventType "team-tourn"]
[EventRounds "11"]
[EventCountry "AUT"]
[SourceTitle "EXT 2016"]
[Source "ChessBase"]
[SourceDate "2015.10.08"]
[SourceVersion "1"]
[SourceVersionDate "2015.10.08"]
[SourceQuality "1"]
[WhiteTeam "Trofaiach Niklasdorf"]
[BlackTeam "Feldbach Kirchberg"]
[WhiteTeamCountry "AUT"]
[BlackTeamCountry "AUT"]

1. c4 Nf6 2. g3 e6 3. Bg2 d5 4. Nf3 Be7 5. 0-0 0-0 6. d4 Nbd7 7. b3 Ne4 8. Bb2 c6 9. Nbd2 f5 10. e3 g5 11. Ne1 Ndf6 12. Ndf3 Bd7 13. Nd3 Be8 14. Qc2 Bg6 15. a4 Ng4 16. Nfe5 Nxe5 17. Nxe5 Bd6 18. Ba3 Bxa3 19. Rxa3 Qe7 20. Raa1 Qb4 21. c5 Qa5 22. b4 Qd8 23. b5 Be8 24. Rfb1 h5 25. bxc6 Bxc6 26. a5 Qc7 27. a6 Rfb8 28. Bxe4 dxe4 29. Qe2 g4 30. axb7 Rxb7 31. Nxc6 Qxc6 32. Rxb7 Qxb7 33. Qc4 Kf7 34. Ra6 Re8 35. Qa2 Re7 36. c6 Qb5 37. c7 Rxc7 38. Qxe6+ Kf8 39. Qd6+ Ke8 40. Qe6+ Kf8 41. Kg2 Qd7 42. Qh6+ Qg7 43. Rf6+ Rf7 44. Rxf7+ Kxf7 45. Qa6 Kg8 46. d5 Qe5 47. d6 Qe6 48. Qc6 Kf7 49. d7 Qxc6 50. d8N+ Ke8 51. Nxc6 a6 52. Kf1 Kd7 1-0

[Event "Steyr Landesliga 1213"]
[Site "Austria"]
[Date "2012.12.01"]
[Round "5.5"]
[White "Zechner, Gernot"]
[Black "Kormann, Werner"]
[Result "1-0"]
[WhiteElo "2210"]
[BlackElo "2169"]
[PlyCount "71"]
[EventDate "2012.09.22"]
[EventType "team-tourn"]
[EventRounds "11"]
[EventCountry "AUT"]
[SourceTitle "EXT 2014"]
[Source "ChessBase"]
[SourceDate "2013.11.20"]
[SourceVersion "1"]
[SourceVersionDate "2013.11.20"]
[SourceQuality "1"]
[WhiteTeam "Graz Styria"]
[BlackTeam "Trofaiach Niklasdorf"]
[WhiteTeamCountry "AUT"]
[BlackTeamCountry "AUT"]

1. e4 c5 2. Nf3 g6 3. c3 Bg7 4. d4 cxd4 5. cxd4 d5 6. e5 Nc6 7. h3 Nh6 8. Nc3 0-0 9. Be2 f6 10. exf6 exf6 11. 0-0 Be6 12. Bf4 Nf7 13. Rc1 Nd6 14. Qb3 Nf5 15. Rfd1 Rf7 16. Na4 Re7 17. Nc5 Bf7 18. Bf1 Na5 19. Qa4 a6 20. g4 Nh6 21. Qb4 Be8 22. Qd2 Nf7 23. Re1 Nc4 24. Qc3 Rc8 25. Rxe7 Qxe7 26. Re1 Nce5 27. dxe5 Nxe5 28. Nxe5 fxe5 29. Bxe5 Bf8 30. Bd4 Qf7 31. Qe3 Bd6 32. Nd3 Bb5 33. Ne5 Qc7 34. Bg2 Bc6 35. Nxc6 bxc6 36. Qe6+ 1-0

[Event "Graz op-A"]
[Site "Graz"]
[Date "2004.09.10"]
[Round "7"]
[White "Kormann, Werner"]
[Black "Bregler, Herbert"]
[Result "1-0"]
[WhiteElo "2106"]
[BlackElo "2060"]
[PlyCount "45"]
[EventDate "2004.09.04"]
[EventType "swiss"]
[EventRounds "9"]
[EventCountry "AUT"]
[SourceTitle "EXT 2006"]
[Source "ChessBase"]
[SourceDate "2005.11.24"]
[SourceVersion "1"]
[SourceVersionDate "2005.11.24"]
[SourceQuality "1"]

1. Nf3 d5 2. d4 Nf6 3. c4 e6 4. g3 Be7 5. Bg2 0-0 6. 0-0 dxc4 7. Ne5 c5 8. dxc5 Qxd1 9. Rxd1 Bxc5 10. Nc3 Nc6 11. Nxc6 bxc6 12. Bxc6 Rb8 13. Na4 Be7 14. Bf4 Rb4 15. Bd2 Rb8 16. Bf4 Rb4 17. a3 Rb3 18. Rac1 Ba6 19. Bd6 Bxd6 20. Rxd6 g6 21. e4 Rc8 22. e5 Nh5 23. Bd7 1-0

[Event "Graz op-A"]
[Site "Graz"]
[Date "2004.09.08"]
[Round "5"]
[White "Brunnsteiner, Mario"]
[Black "Kormann, Werner"]
[Result "1-0"]
[WhiteElo "2196"]
[BlackElo "2106"]
[PlyCount "142"]
[EventDate "2004.09.04"]
[EventType "swiss"]
[EventRounds "9"]
[EventCountry "AUT"]
[SourceTitle "EXT 2006"]
[Source "ChessBase"]
[SourceDate "2005.11.24"]
[SourceVersion "1"]
[SourceVersionDate "2005.11.24"]
[SourceQuality "1"]

1. c4 c6 2. Nf3 d5 3. e3 a6 4. b3 Bg4 5. Bb2 e6 6. Be2 Nf6 7. h3 Bxf3 8. Bxf3 Be7 9. 0-0 0-0 10. d4 Nbd7 11. Nd2 Re8 12. Re1 Rb8 13. e4 dxe4 14. Nxe4 Nxe4 15. Bxe4 Bf6 16. Qc2 Nf8 17. Rad1 Qc7 18. Bc1 Rbc8 19. Be3 e5 20. d5 cxd5 21. Rxd5 g6 22. Red1 Rcd8 23. Rxd8 Bxd8 24. Bd5 Bf6 25. Qe4 b6 26. Qf3 Kg7 27. Bh6+ Kxh6 28. Qxf6 Ne6 29. Bxe6 Rxe6 30. Qh8 Qe7 31. Qd8 Qxd8 32. Rxd8 Kg7 33. Kf1 h5 34. h4 Kf6 35. Ke2 Ke7 36. Ra8 a5 37. c5 bxc5 38. Rxa5 Rc6 39. Kd3 e4+ 40. Kxe4 c4 41. Kd5 Rf6 42. Ra7+ Kd8 43. bxc4 Rxf2 44. g3 Rf3 45. a4 Rxg3 46. Rxf7 g5 47. hxg5 Rxg5+ 48. Kc6 Ra5 49. Rd7+ Ke8 50. Rd5 Rxa4 51. Kb5 Ra1 52. c5 h4 53. c6 Rc1 54. Kb6 Ke7 55. Rh5 Rb1+ 56. Kc7 Rb4 57. Kc8 Kf6 58. c7 Ke7 59. Rh7+ Ke8 60. Rh5 Ke7 61. Re5+ Kf6 62. Re3 Rc4 63. Kd7 Kf5 64. Ra3 Kg5 65. Ra5+ Kg4 66. Ra4 Rxa4 67. c8Q Kg3 68. Qc3+ Kg4 69. Ke6 Rf4 70. Qd3 h3 71. Qg6+ Kf3 1-0

[Event "AUT-chT2M 0203"]
[Site "Austria"]
[Date "2003.03.22"]
[Round "10"]
[White "Kormann, Werner"]
[Black "Kaspret, Guido"]
[Result "1-0"]
[WhiteElo "2101"]
[BlackElo "2278"]
[PlyCount "69"]
[EventDate "2002.10.11"]
[EventType "team"]
[EventRounds "11"]
[EventCountry "AUT"]
[SourceTitle "EXT 2004"]
[Source "ChessBase"]
[SourceDate "2003.11.25"]
[SourceVersion "1"]
[SourceVersionDate "2003.11.25"]
[SourceQuality "1"]

1. Nf3 c5 2. c4 Nc6 3. g3 g6 4. Bg2 Bg7 5. 0-0 e5 6. Nc3 Nge7 7. d3 0-0 8. a3 d6 9. Rb1 a5 10. Nd5 Nxd5 11. cxd5 Ne7 12. e4 f5 13. b4 cxb4 14. axb4 a4 15. b5 Kh8 16. Ba3 Bh6 17. Rb4 Bd7 18. Rxa4 Qb6 19. Nxe5 Bxb5 20. Rxa8 Rxa8 21. Bxd6 Nc8 22. Nc4 Bxc4 23. Be5+ Bg7 24. Bxg7+ Kxg7 25. dxc4 fxe4 26. Qc2 Qc5 27. Qxe4 Nd6 28. Qe7+ Kh6 29. Re1 Re8 30. Qh4+ Kg7 31. Re7+ Rxe7 32. Qxe7+ Kh6 33. Qf8+ Kg5 34. Qf4+ Kh5 35. Qh4# 1-0

[Event "AUT-chT2M 0203"]
[Site "Austria"]
[Date "2002.10.11"]
[Round "7"]
[White "Knoll, Hermann"]
[Black "Kormann, Werner"]
[Result "1-0"]
[WhiteElo "2365"]
[BlackElo "2101"]
[PlyCount "55"]
[EventDate "2002.10.11"]
[EventType "team"]
[EventRounds "11"]
[EventCountry "AUT"]
[SourceTitle "EXT 2004"]
[Source "ChessBase"]
[SourceDate "2003.11.25"]
[SourceVersion "1"]
[SourceVersionDate "2003.11.25"]
[SourceQuality "1"]

1. d4 Nf6 2. Nf3 d5 3. c4 e6 4. Nc3 c6 5. e3 Nbd7 6. Qc2 Bd6 7. Be2 0-0 8. 0-0 e5 9. cxd5 cxd5 10. dxe5 Nxe5 11. Nxe5 Bxe5 12. f4 Bxc3 13. Qxc3 Bf5 14. Qb3 Qe7 15. Bd2 Rfe8 16. Bf3 Rad8 17. Rad1 b6 18. Rfe1 Ne4 19. Bb4 Qh4 20. Re2 d4 21. Be1 Qf6 22. exd4 Rxd4 23. Bc3 Rxd1+ 24. Qxd1 Qc6 25. g4 Qg6 26. Qd5 Bxg4 27. Bxe4 Bf5+ 28. Bg2 1-0